<?xml version="1.0" encoding="UTF-8"?><?xml-stylesheet type="text/xsl" href="static/style.xsl"?><OAI-PMH xmlns="http://www.openarchives.org/OAI/2.0/" xmlns:xsi="http://www.w3.org/2001/XMLSchema-instance" xsi:schemaLocation="http://www.openarchives.org/OAI/2.0/ http://www.openarchives.org/OAI/2.0/OAI-PMH.xsd"><responseDate>2026-04-27T19:58:26Z</responseDate><request verb="GetRecord" identifier="oai:uvadoc.uva.es:10324/80700" metadataPrefix="marc">https://uvadoc.uva.es/oai/request</request><GetRecord><record><header><identifier>oai:uvadoc.uva.es:10324/80700</identifier><datestamp>2025-12-17T20:04:53Z</datestamp><setSpec>com_10324_38</setSpec><setSpec>col_10324_852</setSpec></header><metadata><record xmlns="http://www.loc.gov/MARC21/slim" xmlns:doc="http://www.lyncode.com/xoai" xmlns:xsi="http://www.w3.org/2001/XMLSchema-instance" xmlns:dcterms="http://purl.org/dc/terms/" xsi:schemaLocation="http://www.loc.gov/MARC21/slim http://www.loc.gov/standards/marcxml/schema/MARC21slim.xsd">
<leader>00925njm 22002777a 4500</leader>
<datafield tag="042" ind1=" " ind2=" ">
<subfield code="a">dc</subfield>
</datafield>
<datafield tag="720" ind1=" " ind2=" ">
<subfield code="a">Fernández Poladura, Jaime</subfield>
<subfield code="e">author</subfield>
</datafield>
<datafield tag="260" ind1=" " ind2=" ">
<subfield code="c">2025</subfield>
</datafield>
<datafield tag="520" ind1=" " ind2=" ">
<subfield code="a">El presente Trabajo Fin de Grado pretende arrojar luz sobre una colección de seis valses pertenecientes a la etapa temprana de Isaac Albéniz (1860-&#xd;
1909). El siglo XIX español es una etapa de la que todavía no se tiene total constancia musical de todo lo que sucedió. Por lo que, algunas composiciones&#xd;
no han podido tener cabida en los repertorios interpretados actualmente. Es por ello por lo que expongo el comentario y análisis de una colección de&#xd;
valses (danza arquetípica muy representada en el siglo XIX) casi desconocida, compuesta por uno de los compositores más influyentes del siglo XIX y de&#xd;
la historia musical española: Isaac Albéniz.</subfield>
</datafield>
<datafield tag="024" ind2=" " ind1="8">
<subfield code="a">https://uvadoc.uva.es/handle/10324/80700</subfield>
</datafield>
<datafield tag="245" ind1="0" ind2="0">
<subfield code="a">Estudio analítico de la colección «6 pequeños Walses op. 25» (1882), de Isaac Albéniz</subfield>
</datafield>
</record></metadata></record></GetRecord></OAI-PMH>